Tamil Nadu Prison Manual/ (Record no. 210216)

MARC details
000 -LEADER
fixed length control field 00595nam a22001817a 4500
005 - DATE AND TIME OF LATEST TRANSACTION
control field 20250311105237.0
010 ## - LCCN (DPL NO)
LC control number ENG-144054
020 ## - INTERNATIONAL STANDARD BOOK NUMBER
Terms of availability 1600.00
035 ## - SYSTEM CONTROL NUMBER
System control number EN-127586
037 ## - SOURCE OF ACQUISITION
Source of stock number/acquisition DBAD
082 ## - DEWEY DECIMAL CLASSIFICATION NUMBER
Classification number 344.5431035643
Edition number 1
100 ## - MAIN ENTRY--PERSONAL NAME
Personal name Subramaniyam, Ravi
245 ## - TITLE STATEMENT
Title Tamil Nadu Prison Manual/
Statement of responsibility, etc By Ravi Subramaniyam
260 ## - PUBLICATION, DISTRIBUTION, ETC. (IMPRINT)
Name of publisher, distributor, etc CTC Publiccations Pvt. Ltd
Place of publication, distribution, etc IndIa
Date of publication, distribution, etc 2016
270 ## - ADDRESS
City Chennai
Postal code 600004
Address 5-B, Sanskrit Collage Street, Mylapore
Electronic mail address ctcpublications@gmail.com
Telephone number 24982698
300 ## - PHYSICAL DESCRIPTION
Extent xliv,900p.
Dimensions 24cm(pb)
942 ## - ADDED ENTRY ELEMENTS (KOHA)
Source of classification or shelving scheme Dewey Decimal Classification
Item type English Books
Classification part 344.5431035643
Call number suffix SUB
Edition 1
Holdings
Withdrawn status Lost status Not for loan Collection code Home library Current library Date acquired Source of acquisition Cost, normal purchase price Full call number Barcode Copy number Cost, replacement price Koha item type
      Non-fiction Sarojini Nagar Sarojini Nagar 11/03/2025 Delivery of Books Act Division 1600.00 344.5431035643 SUB EN-127586 1 1600.00 English Books

© Delhi Public Library
Hit Counter
free hit counter